02221nam a2200289 i 4500003000900000005001700009007000300026008004100029040003000070041000800100082002800108100004500136245003100181250002400212264007000236300002800306336002700334337003300361338002800394490002800422500015500450505114700605650002401752650002701776651008201803651004601885DO-SdBNP20251208131033.0ta250930s1986 dr 000 e spa d aDO-SdBNPbspacBNPHUerda aspa 4aRD864.44bZ18a 19822221 aZaglul, Antonio,d1920-1996eautor4aut.10aApuntes /cAntonio Zaglul. aSéptima edición 1aSanto Domingo, República Dominicana : bEditora Taller,c1986. a132 páginas ;c22 cm. atextobtxt2rdacontent asin mediaciónbn2rdamedia avolumenbnc2rdacarrier0 aBiblioteca Taller ;v29 aEl libro dice que es la sexta edición del 1982, pero el libro en la portada y el colofón dice impreso en el 1986 y que es la séptima edición. 0 tDedicatoria -- Del Dr. Herbert A. Carroll -- De Franklin Mieses Burgos -- Apuntes sobre los apuntes -- Brevísima y traumatizante historia de un pueblo -- Apuntes para la etnografía dominicana -- "El gancho": la paranoia del dominicano -- La sub-estimación de lo nuestro I -- La sub-estimación de lo nuestro II -- El dominicano y su lenguaje -- Cultura y nacionalismo -- Alimentación y malos hábitos alimentarios -- El dominicano y su comida -- Nuestras cosas perdidas -- El dominicano y su pena -- Ah no. Yo no sé, no... y el "no me doy cuenta" -- Jaragua motors, Polanco radio and the rent cars -- El dominicano, turista y geógrafo -- Requiem por mis perros -- ¿Quién nos cuida? -- ¿Somos malhumorados? -- Un querer mejor para nuestras cosas -- El arte de despotricar un país -- Complejo de isleño -- Caja de resonancia -- Son santiagueros, no santiaguenses -- Un dominicano es siempre un dominicano -- ¿Bovarismo nuestro? -- Nuestro productos -- Estar chivo y bronco, ¿es paranoia? -- Dominicano es un vocablo no dominicano -- El sifilazo -- Somos pesimistas -- El regreso a las cavernas -- Red beach -- Colofón. 0aEnsayos dominicanos 0aLiteratura dominicana. 4aRepública DominicanaxVida Social Y CostumbresxEnsayos, Conferencias, Etc. 4aRepública DominicanaxAspectos Sociales